000 00658nam a2200241 a 4500
001 nice12345678
003 IN_TiNIC
005 20260116013208.0
008 050524s2001 newa grp 000 0 eng
020 _a
_c595
082 0 0 _a954.84
_bTAL
100 _aTalbot, Cynthia
245 _aPrecolonial India in Practice
_b Society, Region, and Identity in Medieval
260 _aNew Dlhi
_bOxford University Press
_c2001
300 _a305p
500 _aincludes index and biblioraphy
505 2 _aNotes, References and index
650 _aAndhra Pradesh-History
700 1 _aTalbot, Cynthia
902 _bSRS
942 _cBK
999 _c10067
_d10067